Studies in African planism

Kaydedildi:
Detaylı Bibliyografya
Yazar: OMOJOLA, Bode
Materyal Türü: Kitap
Dil:İngilizce
Baskı/Yayın Bilgisi: (Bayreuth African studies series) 2003
Etiketler: Etiketle
Etiket eklenmemiş, İlk siz ekleyin!

MARC

LEADER 00000nam a22000007a 4500
008 201215b ||||| |||| 00| 0 eng d
022 |a 3-927510-76-9 
100 |a OMOJOLA, Bode. 
245 |a Studies in African planism  |c Bode Omojola  |e (Bayreuth African studies series) 
260 |b (Bayreuth African studies series)  |c 2003  |h Germany  |i 641268   |l M22.73 .Om6  |m Piano music. 
942 |a lcc  |c BK  |e Kuteyi, M. A.  |f 15/12/2020 
952 |0 0  |1 0  |2 lcc  |4 0  |6 M002273 O M6  |7 0  |9 539  |a HOL  |b AC  |c LP  |d 2020-12-15  |l 0  |o M22.73 .Om6  |p 2020-2261  |r 2020-12-15 00:00:00  |w 2020-12-15  |y BK 
999 |c 287  |d 287